000
00372nam a2200145Ia 4500
008
090124s9999 xx 000 0 und d
082
_b
305166
245
_a
यशस्विनी
250
_a
1
260
_b
चिटणीस शुभा
_c
2002
300
_a
272
630
_a
यशस्विनी
730
_a
यशस्विनी
942
_c
BOOK
999
_c
195122
_d
195122